| 000 | 00755cam a22002533a 4500 | ||
|---|---|---|---|
| 001 | 19669 | ||
| 003 | PGUSA | ||
| 005 | 20140828083421.0 | ||
| 008 | 061030s2006||||xxu|||||s|||||000 | eng d | ||
| 040 |
_aPGUSA _beng |
||
| 042 | _adc | ||
| 050 | 4 | _aDR | |
| 100 | 1 |
_aDurham, M. E. _q(Mary Edith), _d1863-1944 |
|
| 245 | 1 | 0 |
_aTwenty Years Of Balkan Tangle _h[electronic resource] / _cM. E. Durham |
| 260 |
_bProject Gutenberg, _c2006 |
||
| 506 | _aPublic domain in the USA. | ||
| 516 | _aElectronic text | ||
| 653 | _aEastern question (Balkan) | ||
| 653 | _aBalkan Peninsula -- History | ||
| 653 | _aBalkan Peninsula -- Description and travel | ||
| 830 | 0 |
_aProject Gutenberg _v19669 |
|
| 856 | 4 | 0 | _uhttp://www.gutenberg.org/ebooks/19669 |
| 942 | _cEB | ||
| 999 |
_c248924 _d248924 |
||